000 00596nam a22001817a 4500
005 20260401113323.0
008 260401b |||||||| |||| 00| 0 eng d
020 _a978-93-90595-46-4
050 _aRC 46 .P 67 2022 V.3
100 _aEDITOR-IN-CHIEF GURPREET S WANDER
245 _aPOSTGRADUATE MEDICINE VOLUME 3
260 _aNEW DELHI,
_bJAYPEE BROTHERS MEDICAL PUBLISHERS,
_c2022,
300 _aXXXi, 1287 P - 1924 P, ILL
500 _aINCLUDES BIBLIOGRAPHICAL REFERENCES AND INDEX
650 _aINTERNAL MEDICINE
700 _aPK DEB, SK SHARMA, SURINDER K JINDAL
942 _2lcc
_cBK
999 _c216916
_d216916